000 00747nam a22002657a 4500
001 BR7602703
003 BR-BrBNA
005 20230928084953.0
007 ta
008 230509b bl.||||| |||| 00| 0 por d
040 _aBR-BrBNA
_bpor
_cBiblioteca Nacional de Agricultura
041 _a(Por)
072 _aF00
_b1740
090 _ 1740 BR7602703
100 1 _aXavier, P.J.
110 1 _aFaculdade de Agronomia do Medio Sao Francisco, Juazeiro, BA (Brasil)
_94456
245 1 _aTecnologia da cebola [Allium cepa; Pratica cultural]
260 3 _aJuazeiro, BA (Brasil):
_c1976.
300 _a7 p.
650 _aProducao vegetal
650 _aCebola
650 _aPratica cultural
909 _a202309
_bLucia
_c55
_dLucia Elande
942 _cBK
999 _c22178
_d22178